[Event "Julian Borowski-A 3rd"]
[Site "Essen"]
[Date "2001.05.11"]
[Round "9"]
[White "Dautov, Rustem"]
[Black "Lutz, Christopher"]
[Result "1/2-1/2"]
[WhiteElo "2631"]
[BlackElo "2614"]
[Annotator "Dautov,R"]
[PlyCount "154"]
[EventDate "2001.05.02"]
[EventType "tourn"]
[EventRounds "9"]
[EventCountry "GER"]
[EventCategory "15"]
[SourceTitle "CBM 083"]
[Source "ChessBase"]
[SourceDate "2001.07.05"]
[SourceVersion "1"]
[SourceVersionDate "2001.07.05"]
[SourceQuality "1"]

1. d4 Nf6 2. c4 e6 3. Nf3 d5 4. Nc3 Be7 5. Bf4 O-O 6. e3 c5 7. dxc5 Bxc5 8.
cxd5 Nxd5 9. Nxd5 exd5 10. a3 Nc6 11. Bd3 Bb6 12. O-O Qf6 13. b4 Bf5 14. Bxf5 (
{Auf das meistgespielte} 14. b5 Nd4 15. Bxf5 Nxf3+ 16. Qxf3 Qxf5 {war
Christopher mit Sicherheit gut vorbereitet.}) 14... Qxf5 15. Qb1 {Dies ist
eine alte Empfehlung von Lputian, die bisher in der Turnierpraxis nicht vorkam.
} Qxb1 (15... Qe6 16. a4 a5 17. bxa5 Nxa5 18. Rd1 Rfd8 19. Be5 $14 {Lputian})
16. Raxb1 {Hier erlaubte ich mir, von Lputians Empfehlung abzuweichen. Der
weiße Turm f1 wird auf den Linien "c" oder "d" Anwendung finden.} (16. Rfxb1
$14 {Lputian}) 16... Rfd8 ({In Frage kam auch} 16... Rac8 $5) 17. a4 $1 $14 {
Plötzlich ist der schwarze Läufer in Gefahr.} Rac8 ({In Frage kam} 17... a6 18.
b5 Na5 $1 (18... axb5 19. Rxb5 Ra6 20. Rfb1 Ba7 21. Rxb7 Rxa4 22. Ng5 $16) 19.
bxa6 Rxa6 $14) 18. a5 Bc7 19. Bxc7 Rxc7 20. Rfc1 Rdc8 21. Kf1 g6 $1 22. Rc5 Ne7
23. Nd4 $1 {Betont die Nutzlichkeit des Turms b1. Weiß soll die offene Linie
"c" nicht aufgeben.} (23. Rxc7 $6 Rxc7 24. Nd4 Rc4 $11) 23... Rxc5 (23... a6
24. Ke2 $14) 24. bxc5 Rc7 {Die gegenseitigen Schwächen c5 und b7 prägen das
weitere Geschehen.} 25. Ke2 ({Nichts brachte} 25. a6 $2 bxa6 26. c6 Rc8 $1 27.
Rc1 Kf8 $11) 25... Kf8 {Schwarz bereitet das Schlagen auf c5 vor...} (25... Nf5
$2 26. a6 $1 (26. Nxf5 gxf5 27. Rc1 b6 28. c6 Kf8 $11) 26... bxa6 27. Nxf5 gxf5
28. Rc1 Kg7 29. Kd3 Kf6 30. Kd4 Ke6 31. Ra1 Rc6 $16 {, und Schwarz werden bald
die Züge ausgehen.}) (25... Nc6 $2 26. Nxc6 bxc6 27. a6 $16) 26. Kf3 $1 {
, und Weiß verhindert es erneut!} ({Falsch wäre die natürliche Zentralisierung
des Königs} 26. Kd3 $2 Rxc5 27. Rxb7 Rxa5 {, und es geht nicht} 28. Rxe7 $4 {
wegen} Ra3+ {Dagegen ist direkt nach dem Textzug und auch später die
analogische Variante für Schwarz nicht spielbar.}) 26... Kg7 $6 {Dieser Zug,
nach langem Nachdenken gespielt, sieht nicht überzeugend aus. Schwarz versucht,
dem weißen König zu opponieren, anstatt seinen Königsmarsch zum Damenflügel
fortzusetzen.} (26... Nc6 27. Nxc6 bxc6 28. g4 $14) (26... Ke8 27. g4 $1 (27.
Kf4 f6 28. Ne6 Rc6 29. Ng7+ $2 Kf7 30. Rxb7 a6 $1 $17 {/\Rc5}) 27... f6 28. h4
$14) ({Die beste Verteidigungsmöglichkeit war} 26... a6 $1 27. g4 Nc6 $1 28.
Nxc6 Rxc6 29. Rc1 Ke7 30. Ke2 $14 {, und das Turmendspiel hat eine remisliche
Tendenz.}) 27. h4 (27. g4 $5 $14) 27... h5 $138 28. Kf4 Nf5 $5 {Dieser Zug war
eine Überraschung für mich. Schwarz strebt den Übergang in das Turmendspiel
mit dem "Holz" h5, f5, f7 und d5!} ({Ich rechnete eher mit} 28... Kf6 29. Rb5
$1 {/\a6} Nc6 (29... Nf5 30. a6 $1 bxa6 31. Ra5 Nxd4 32. exd4 Rc6 33. Ra2 Re6
34. f3 Ke7 35. Rb2 $14) 30. Nxc6 bxc6 31. Rb8 $16) 29. Nxf5+ gxf5 30. c6 $1 {
Die einzige Möglichkeit, auf Gewinn zu spielen.} (30. Rc1 Kf6 $11) 30... bxc6 (
30... Rxc6 $2 31. Rxb7 Ra6 32. Rb5 $18) 31. Kxf5 c5 $6 ({In Frage kam} 31...
Re7 $5 32. a6 ({Besser ist} 32. Rc1 $5 Re6 33. Rc2 $14) 32... Re6 33. Rb7 c5 $1
(33... Rf6+ $2 34. Ke5 $16) 34. Rxa7 d4 35. exd4 cxd4 36. Ra8 d3 37. a7 Ra6 {
, und Schwarz hält das Unentschieden.}) 32. Ke5 d4 33. Kd6 $1 $16 {Vor dem
Bauerngewinn wird der schwarze Turm abgedrängt.} (33. exd4 $2 cxd4 34. Kxd4 Rc2
$14) 33... Rc8 34. Kd7 $1 Rg8 35. exd4 cxd4 36. Rb5 Kf6 (36... Kh6 $2 37. g3
Rg4 38. Rd5 $16) 37. g3 Rg4 38. Rxh5 d3 39. Rd5 Ra4 40. Kc6 Ke6 41. Rxd3 Rxa5 {
Nach dem Erreichen der Zeitkontrolle behielt Weiß gute Gewinnchancen.} 42. Re3+
Kf6 43. Rf3+ Kg6 44. Rf4 f5 45. Rf3 Ra2 $2 {M.E. sollte Schwarz versuchen, den
weißen Monarchen vom Königsflügel abgeschnitten zu halten.} (45... Kh5 $1 46.
Kd6 Kg6 47. Ke6 Rb5 $16) 46. Kd5 Ra4 (46... a5 47. Kc4 Rb2 (47... a4 48. Kb4 a3
49. Kb3 Ra1 50. Rf4 $18) 48. Kc3 Rb6 49. Rf4 Ra6 50. Ra4 Rc6+ 51. Kd4 Ra6 52.
Ke3 Kf6 53. Kf4 Kg6 54. h5+ Kxh5 55. Kxf5 $18) 47. Kc5 Ra2 48. Kc4 Ra4+ 49. Kb3
Rd4 50. Kc3 $18 {Nach der Rückkehr des weißen Königs ist die Stellung
technisch gewonnen.} Ra4 51. Kb3 Rd4 52. Kc3 Ra4 {Die einzige Rettungschance
von Schwarz besteht im Abtausch der f-Bauern, deswegen kontrolliert er die 4.
Reihe.} 53. Kd2 ({Leicht gewann} 53. Rd3 $1 Ra2 (53... f4 54. Rd4 $18) 54. Rd2
Ra4 55. Rd6+ Kh5 56. Rd4 Ra2 57. Rf4 Kg6 58. Kd3 a5 59. Ke3 a4 60. Kf3 Ra1 61.
Rb4 a3 62. Ra4 $18) 53... a5 54. Rd3 f4 55. Ke2 $2 {Dies erschwert die
Gewinnführung.} ({In der 2. Zeitnot übersah ich die simple Möglichkeit, das
Bauernpaar "f" und "g" zu behalten.} 55. g4 $1 f3 56. Rd6+ Kg7 57. Rd7+ $1 Kg8
(57... Kg6 58. h5+ Kg5 59. Rg7+ Kf4 60. h6 Ra2+ 61. Kd3 Rxf2 62. h7 Rh2 63. g5
$18) 58. g5 $1 Rxh4 59. Ke3 Rg4 60. Rd5 $18) 55... fxg3 56. fxg3 Re4+ 57. Re3
Rb4 58. Re5 Rb3 $1 59. Kf2 a4 60. Ra5 Ra3 $1 61. Kg2 Ra1 62. Kh3 $6 {Dieser
falsche Plan kostet Weiß endgültig den Sieg. Der beste Platz für den König war
das Feld h2, und das Bauernpaar solte sich in Bewegung setzen.} (62. g4 $1 {
Ich sah diesen Gewinnplan, verwarf ihn aber, weil er mir "zu kompliziert"
erschien.} a3 63. Ra6+ Kg7 64. g5 a2 (64... Ra2+ $2 65. Kg3 Ra1 66. Kg4 a2 67.
Kh5 $18) 65. Kh2 $1 (65. h5 $2 Rb1 66. Rxa2 Rb5 67. Ra7+ Kg8 68. Ra8+ Kh7 $1
69. g6+ Kg7 70. Ra7+ Kg8 71. Rh7 Rb3 72. Kf2 Rh3 $1 $11 {führt zu einer
bekannten remislichen Stellung von Kasparian.}) 65... Rb1 (65... Kh7 66. h5 Rb1
(66... Kg8 67. Ra8+ Kg7 68. Ra7+ Kg8 69. h6 Rb1 70. Rxa2 Rb5 71. Rg2 $18) 67.
Rxa2 Rb5 68. Rg2 $18 {, deswegen muß der weiße König auf h2!}) 66. Rxa2 Kg6 67.
Ra6+ Kf5 68. Kg3 Rb3+ 69. Kf2 $18 {mit einer theoretisch gewonnenen Stellung.})
62... a3 63. Kg4 $2 (63. g4 $1 a2 64. Ra6+ Kg7 65. Kh2 $18) 63... a2 $11 64.
Ra7 $1 (64. h5+ Kg7 65. Kg5 Rg1 $11) 64... Kf6 65. h5 {Ich war mir sicher, auf
diese Art "einfacher" zu gewinnen, doch Schwarz kann sich retten.} Ke6 $1 (
65... Ke5 $2 66. Ra6 $1 $18) 66. h6 Kf6 $1 67. h7 Rh1 68. Rxa2 Kg7 69. Ra5 (69.
Kg5 Rb1 $1 (69... Kxh7 $2 70. Ra7+ Kg8 71. Kg6 $18) 70. Rh2 (70. Ra7+ Kh8 $11)
70... Kh8 71. g4 Rb5+ 72. Kf4 Rb7 $11) 69... Rb1 $1 {Diese einfache
Verteidigungsidee übersah ich in meinen Vorausberechnungen. Schwarz nimmt
nicht den Bauern h7!} 70. Rh5 Kh8 71. Kh4 (71. Rh6 Rb4+ 72. Kg5 Rb5+ 73. Kh4
Rb1 $11) 71... Rb6 72. g4 Ra6 73. Kg3 Ra3+ 74. Kh4 Ra6 75. g5 Ra4+ 76. Kg3 Ra5
77. Kf4 Ra4+ 1/2-1/2

[Event "Sarajevo Bosnia 31st"]
[Site "Sarajevo"]
[Date "2001.05.16"]
[Round "4"]
[White "Dreev, Alexey"]
[Black "Georgiev, Kiril"]
[Result "1/2-1/2"]
[WhiteElo "2685"]
[BlackElo "2676"]
[Annotator "Dautov,R"]
[PlyCount "123"]
[EventDate "2001.05.13"]
[EventType "tourn"]
[EventRounds "9"]
[EventCountry "BIH"]
[EventCategory "16"]
[SourceTitle "CBM 084"]
[Source "ChessBase"]
[SourceDate "2001.09.13"]
[SourceVersion "1"]
[SourceVersionDate "2001.09.13"]
[SourceQuality "1"]

1. d4 Nf6 2. c4 e6 3. Nf3 d5 4. Nc3 Be7 5. Bf4 O-O 6. e3 c5 7. dxc5 Bxc5 8. a3
Nc6 9. cxd5 Nxd5 10. Nxd5 exd5 11. Bd3 Bb6 12. O-O Bg4 13. h3 Bh5 14. b4 Re8
15. Rc1 a6 16. Bxa6 $5 $146 {Ein neuer Versuch von Weiß. Innerhalb von vier
Zügen verschwinden alle Damenflügelbauern vom Brett. Weiß gewinnt dann
meistens den Isolani d5, aber nicht die Partie - zu begrenzt ist das restliche
Material. Bei der Europa-Meisterschaft in Ohrid kam der Textzug dreimal vor,
das Ergebnis war jedesmal das gleiche - Remis.} (16. g4 Bg6 17. Bxg6 hxg6 18.
Rc3 d4 19. Rd3 Qd5 20. exd4 Re4 $44 {Van Wely,L-Kasparov,G/Wijk aan Zee 2001})
(16. Rc2 d4 17. e4 Bc7 18. Bxc7 Qxc7 19. Rc5 Bxf3 20. Qxf3 Qe7 $11) 16... Rxa6
17. b5 Rxa3 18. bxc6 bxc6 19. Rxc6 Re6 ({Eine andere Möglichkeit ist} 19... Ra7
20. Qb3 ({besser war} 20. Rd6 $1 Rd7 21. Qxd5 Bxf3 22. gxf3 Rxd6 23. Qxd6 Qxd6
24. Bxd6 $14) 20... Bxf3 21. gxf3 Bc7 22. Rxc7 Rxc7 23. Bxc7 Qxc7 24. Qxd5 Qe5
25. Rd1 Qxd5 26. Rxd5 g6 $14 {, und Weiß kann das Endspiel nicht gewinnen,
Malakhatko,V-Pigusov,E/Ohrid 2001}) 20. Qc1 ({Wenig Gewinnaussichten bietet
Weiß} 20. Rxe6 $6 fxe6 21. Qc1 Qa8 22. Qb2 Bxf3 23. Qxb6 Ra6 24. Qc7 Be4 25.
Be5 Ra7 26. Qb6 Ra6 27. Qb5 Ra7 28. Rc1 h6 $11 {Atalik,S-Short,N/Ohrid 2001})
20... Rxc6 ({Sehr schlecht wäre} 20... Ra8 $2 21. Rxe6 fxe6 22. Qc6 Bf7 23. Ng5
$16) 21. Qxc6 Bxf3 22. gxf3 Ra8 ({Das Eindringen des weißen Turms zuzulassen
wäre für Schwarz gefährlich:} 22... h6 23. Rb1 Ba7 24. Rb5 (24. Rb7 $14) 24...
d4 25. Rd5 $36) 23. Rb1 Ba5 24. Rd1 ({Genauer war} 24. Rb5 $1 Rc8 (24... d4 $4
25. Rd5 Qf8 26. Bd6 $18) 25. Qxd5 Bc7 26. Qxd8+ Bxd8 $14 {, und Schwarz konnte
die Läufer nicht tauschen. Dennoch sollte für ihn das Endspiel problemlos
haltbar sein.}) 24... Rc8 25. Qxd5 Bc7 $1 26. Qb3 (26. Qxd8+ $2 Rxd8 27. Rxd8+
Bxd8 $11) 26... Qe8 27. Bg3 Bxg3 28. fxg3 g6 29. Kf2 Qc6 {Schwarz tauscht die
Damen und erreicht eine theoretisch remisliche Stellung.} 30. g4 h6 31. Qb4
Qc2+ 32. Qd2 g5 33. Qxc2 Rxc2+ 34. Kg3 Rc3 35. Rd8+ Kg7 36. Re8 Kg6 37. h4 Kg7
38. Re5 Kf6 39. Rf5+ Kg6 40. h5+ Kg7 41. Kf2 Rc2+ 42. Ke1 Ra2 43. Rd5 Rb2 44.
Rd2 Rb3 45. Ke2 Ra3 46. Rc2 Rb3 47. Kd2 Ra3 48. Rc3 Ra6 49. Kd3 Rf6 50. Ke4
Re6+ 51. Kd5 Rf6 52. e4 Ra6 53. e5 Rb6 54. Rc7 Ra6 55. Rd7 Rb6 56. Ke4 Rb4+ 57.
Rd4 Rb1 58. f4 gxf4 59. Kxf4 Rf1+ 60. Ke4 Re1+ 61. Kd5 Ra1 62. Kd6 1/2-1/2

[Event "EU-ch 2nd"]
[Site "Ohrid"]
[Date "2001.06.04"]
[Round "4"]
[White "Chuchelov, Vladimir"]
[Black "Vaganian, Rafael A"]
[Result "0-1"]
[WhiteElo "2550"]
[BlackElo "2641"]
[Annotator "Dautov,R"]
[PlyCount "66"]
[EventDate "2001.06.01"]
[EventType "swiss"]
[EventRounds "13"]
[EventCountry "YUG"]
[SourceTitle "CBM 084"]
[Source "ChessBase"]
[SourceDate "2001.09.13"]
[SourceVersion "1"]
[SourceVersionDate "2001.09.13"]
[SourceQuality "1"]

{[%mdl 64]} 1. Nf3 d5 2. d4 Nf6 3. c4 e6 4. Nc3 Be7 5. Qc2 dxc4 6. e4 Nc6 7. e5
Nb4 8. Qb1 Nd7 $6 {Diese Fortsetzung hat keinen guten Ruf. Sicherer und besser
ist 8...Nfd5.} (8... Nfd5 $1) 9. Bxc4 c5 10. dxc5 Nxc5 $6 $146 (10... Qc7 11.
Bf4 $1 (11. a3 $6 Qxc5 12. Bb3 $6 Nc6 13. Bf4 Ndxe5 14. Nxe5 Nxe5 15. Qe4 Nd7
$13 {Itkis,B-Kruppa,Y/Nikolaev 1995}) 11... Qxc5 12. Be2 $1 (12. Bb3 $6 Nc6 13.
Qe4 Qb4 $11) 12... Nc6 (12... Nd5 13. Nxd5 Qxd5 14. O-O $16) 13. O-O {/\} Ndxe5
14. Nxe5 Nxe5 15. Nb5 $16 {Kruppa}) 11. O-O a6 12. a3 Nc6 13. b4 Nd7 14. Qe4
Qc7 15. Bf4 $16 {Mit spielerischer Leichtigkeit erreichte Weiß einen
deutlichen Vorteil. Schwarz steht sehr eingeengt und hat große Schwierigkeiten
mit der weiteren Entwicklung.} b5 $2 {[%mdl 8192] Ein Zug, der zum Verlust
führen sollte.} (15... g5 16. Bg3 $1 (16. Nxg5 $2 Bxg5 17. Bxg5 Ncxe5 $19)
16... h5 17. h3 g4 18. hxg4 hxg4 19. Qxg4 Ncxe5 20. Nxe5 Nxe5 21. Qg7 $16) (
15... b6 16. b5 $1 axb5 17. Nxb5 Qb7 18. Rfd1 $16) (15... Nb6 16. Rfc1 (16. Bd3
Nxb4 17. axb4 Qxc3 18. Bd2 Qc6 19. Qg4 $36) 16... Nxc4 17. Qxc4 b5 18. Qd3 Bb7
19. Ne4 $16) 16. Nxb5 $3 {Eine schöne Widerlegung. Weiß gewinnt mindestens
zwei Bauern.} axb5 17. Bxb5 $18 Bb7 18. Rfc1 {[%cal Rc1c7]} Rc8 (18... Ndb8 19.
Nd4 $18) 19. Nd4 Ndb8 20. Bxc6+ Nxc6 21. b5 Qa5 22. bxc6 Ba8 23. a4 O-O 24. Rc4
Rb8 25. Rac1 $2 {Die Aktivierung des Turms war unnötig und kostete Chuchelov
nur wertvolle Bedenkzeit.} ({Am einfachsten gewann} 25. Qc2 Rfc8 26. h3 $18)
25... Ba3 26. R1c3 Bb2 27. Rh3 g6 28. Nb5 Rfc8 (28... Rxb5 $2 29. axb5 Qa1+ 30.
Bc1 Bxc1 31. Qe1 Bb2 32. Qxa1 Bxa1 33. f4 $18) 29. g4 $4 $138 {[%mdl 8192] In
der beginnenden Zeitnot unterläuft Weiß ein furchtbarer Fehler.} ({Leicht
gewann} 29. Rb3 $1 Ba1 30. h3 Rb6 31. Nd6 $1 Rcxc6 (31... Rxb3 32. Nxc8 Qc7 33.
Nd6 $18) 32. Rxc6 Bxc6 33. Qxc6 $1 Rxc6 34. Rb8+ Kg7 35. Ne8+ Kf8 36. Nf6+ Ke7
37. Re8#) 29... Rb6 $5 {Vaganian wittert sofort seine Chance und verzichtet
auf die Vereinfachung} (29... Rxc6 30. Rxc6 Bxc6 31. Qxc6 Qxa4 32. Qc7 Qxb5 $11
) 30. Qe2 $2 (30. Nd6 $142 Bxc6 31. Re3 $1 $16) 30... Rbxc6 31. Bd2 $2 (31.
Rxc6 Bxc6 $36) 31... Qxd2 $1 32. Qxd2 Rxc4 $19 33. f3 Rc1+ {Eine tragische
Partie!} 0-1

[Event "EU-ch 2nd"]
[Site "Ohrid"]
[Date "2001.06.04"]
[Round "4"]
[White "Tregubov, Pavel V"]
[Black "San Segundo Carrillo, Pablo"]
[Result "1-0"]
[WhiteElo "2628"]
[BlackElo "2508"]
[Annotator "Dautov,R"]
[PlyCount "113"]
[EventDate "2001.06.01"]
[EventType "swiss"]
[EventRounds "13"]
[EventCountry "YUG"]
[SourceTitle "CBM 084"]
[Source "ChessBase"]
[SourceDate "2001.09.13"]
[SourceVersion "1"]
[SourceVersionDate "2001.09.13"]
[SourceQuality "1"]

1. d4 d5 2. Nf3 Nf6 3. c4 e6 4. Nc3 Be7 5. Bf4 O-O 6. e3 c5 7. dxc5 Bxc5 8.
cxd5 Nxd5 9. Nxd5 exd5 10. a3 Nc6 11. Bd3 Bb6 12. O-O Bg4 13. h3 Bh5 14. b4 Re8
15. Rc1 a6 16. g4 Bg6 17. Bxg6 hxg6 18. Qd3 {Eine prophylaktische
Herangehensweise. Weiß versucht nicht, den Isolani d5 zu gewinnen, sondern
kümmert sich in erster Linie um seine Blockade.} (18. Rc3 d4 19. Rd3 Qd5 20.
exd4 Re4 $44 {Van Wely,L-Kasparov,G/Wijk aan Zee 2001}) 18... d4 19. e4 Bc7 20.
Bxc7 Qxc7 21. Rfe1 Qf4 22. Kg2 Rad8 $146 (22... Re7 23. Rc2 Rae8 24. Rce2 Kh8
$2 (24... Qf6 $11) 25. Nxd4 Ne5 26. Qe3 Qxe3 27. Rxe3 Nc4 28. Rc3 b5 29. f3 $16
{Gyimesi,Z-Van den Doel,E/Tel Aviv 2001}) 23. Rc2 Kh7 24. Qd2 $1 {Im Endspiel
hat Weiß die besten Chancen, die Isolanischwäche auszunutzen.} Qxd2 (24... Qf6
25. Ng5+ Kg8 26. f4 $14) 25. Nxd2 g5 $1 {Sonst folgt 26.f2-f4.} 26. Rc5 f6 (
26... Kg6 $5) 27. h4 Ne5 $2 {[%mdl 16384] Danach wird der Bauer g5 zu einer
Schwäche.} ({Korrekt war} 27... gxh4 $1 28. Rh5+ Kg6 29. Rxh4 d3 30. f4 Nd4 $11
) 28. hxg5 fxg5 (28... Nxg4 29. gxf6 Nxf6 30. f4 $14) 29. Rd1 $14 Kg6 30. Nf3
$1 Nxf3 31. Kxf3 {Das Turmendspiel ist deutlich besser für den Anziehenden,
die Schwäche der Bauern d4 und g5 fällt sofort ins Auge.} Re6 32. Rd5 Rf8+ 33.
Rf5 Rh8 (33... Rd8 $14) 34. Rxd4 Rh3+ 35. Kg2 Rxa3 36. f3 Rb3 37. Rdd5 Rxb4 38.
Rxg5+ Kh7 (38... Kh6 $5) 39. Rd7 Rg6 40. Rh5+ Rh6 41. Re5 $1 {Schwarz ist
seine Schwächen losgeworden, kann aber trotzdem nicht erleichtert aufatmen:
die weißen Türme auf der siebten Reihe und die mobilen weißen Bauern wiegen
mehr als seine Freibauern auf dem Damenflügel.} b5 42. g5 Rg6 43. Kg3 Rb1 44.
f4 $16 Rg1+ (44... a5 45. Re8 $1 (45. Rb7 $2 a4 46. Rexb5 Rxb5 47. Rxb5 Ra6 48.
f5 g6 $1 $14) 45... Rc6 46. f5 $16) 45. Kf2 Rc1 46. Kf3 Rcc6 47. Ree7 b4 48.
Rb7 a5 49. Kg4 Rc1 50. Re8 $18 Rgc6 51. f5 Rg1+ 52. Kf4 Rf1+ 53. Kg4 Rg1+ 54.
Kf4 Rf1+ 55. Ke5 Rd1 56. Rbb8 Rc5+ 57. Kf4 1-0

[Event "EU-ch 2nd"]
[Site "Ohrid"]
[Date "2001.06.09"]
[Round "8"]
[White "Galego, Luis"]
[Black "Vaganian, Rafael A"]
[Result "1/2-1/2"]
[WhiteElo "2429"]
[BlackElo "2641"]
[Annotator "Dautov,R"]
[PlyCount "187"]
[EventDate "2001.06.01"]
[EventType "swiss"]
[EventRounds "13"]
[EventCountry "YUG"]
[SourceTitle "CBM 084"]
[Source "ChessBase"]
[SourceDate "2001.09.13"]
[SourceVersion "1"]
[SourceVersionDate "2001.09.13"]
[SourceQuality "1"]

1. d4 d5 2. Nf3 Nf6 3. c4 e6 4. Nc3 Be7 5. Bf4 O-O 6. e3 Nbd7 7. c5 c6 8. Bd3
b6 9. b4 a5 10. a3 Ba6 11. O-O Qc8 {Diese Variante genießt in letzter Zeit
große Popularität. Weiß hofft, aus seinem Raumvorteil Kapital zu schlagen,
aber die schwarze Stellung ist sehr solide.} 12. h3 Qb7 $1 ({Weniger genau ist
} 12... Bxd3 13. Qxd3 Qb7 {, obwohl dieser Tempoverlust kaum von Bedeutung ist.
Der weitere Spielverlauf ist interessant, da sich Vaganian in der Textpartie
derselben Idee (Nf6-e4) bedient.} 14. Rfc1 h6 15. Qc2 Rfc8 16. Rab1 axb4 17.
axb4 Ra7 18. Na4 b5 19. Nc3 Rca8 20. Nd2 Bd8 21. Nb3 Bc7 22. Bxc7 Qxc7 23. f4
$2 (23. f3 $142) 23... Ne4 $1 24. Nxe4 dxe4 25. Qxe4 Nf6 26. Qe5 Nd5 $17 {
Dautov,R-Kasimdzhanov,R/Essen2001}) 13. Qc2 Bxd3 14. Qxd3 Ra7 $1 $146 {Eine
gute Neuerung. Schwarz verdoppelt seine Türme, um die a-Linie sicher zu
kontrollieren.} (14... axb4 15. axb4 Rxa1 16. Rxa1 Ra8 17. Qb1 Bd8 18. Nd2 h6
19. Ra2 bxc5 20. Rxa8 Qxa8 21. bxc5 Qa3 22. Nb3 Qb4 23. Qc2 Ne8 $11 {Van Wely,
L-Karpov,A/Monaco 2001}) 15. Rfc1 ({Wenig verspricht Weiß die Linienöffnung} 
15. cxb6 Nxb6 (15... Qxb6 16. b5 cxb5 17. Nxb5 Raa8 18. Rab1 Qa6 $11) 16. bxa5
Rxa5 17. Rfb1 Qa7 18. Ne5 Rc8 $11) 15... axb4 16. axb4 Rfa8 $11 17. Rab1 b5 18.
Qc2 $6 {Hier und im nächsten Zug verliert Weiß kostbare Zeit. Er sollte seinen
Springer sofort auf b3 überführen, um die a-Linie notfalls mit Nb3-a5
schließen zu können.} (18. Nd2 $1 Bd8 19. Nb3 Bc7 20. Bxc7 Qxc7 21. Na5 e5 22.
f3 $11 {/\} Re8 23. Nxc6 $1 Qxc6 24. Nxb5 $44) 18... Bd8 19. Qd1 Bc7 20. Bxc7
Qxc7 21. Ra1 Ne4 $1 {(Vergleiche mit der Partie Dautov-Kasimdzhanov). Schwarz
übernimmt die Initiative.} 22. Nxe4 dxe4 23. Rxa7 Qxa7 {[%cal Ra7a2]} 24. Nd2 (
24. Ne5 $6 Nxe5 25. dxe5 Qa3 26. Rb1 Qa2 $17) 24... Nf6 25. Nb3 Nd5 {[%csl Rb4]
><b4} 26. Ra1 Qb8 27. Na5 {Dies kommt zu spät, Schwarz steht bereits besser.}
Ra6 $15 28. Qb1 f5 29. Ra3 Qa8 30. Qb2 g5 31. Qb1 Kg7 32. Qb2 h5 33. Qb1 Kh6
34. Qe1 h4 35. Ra2 Qb8 36. Ra3 Qc7 37. Kh1 Ra8 38. Ra1 Ra6 39. Qb1 Qa7 40. Qe1
Qg7 {/\g4} 41. Nb3 $1 {Dieses Bauernopfer kommt gerade rechzeitig, um das
Schlimmste für Weiß zu verhindern. Mit seiner aktiven Dame bekommt Galego
Gegenspiel.} Rxa1 42. Qxa1 Nxb4 43. Qa8 $132 Qf6 44. Kg1 f4 45. Nd2 fxe3 46.
fxe3 Kg7 47. Nxe4 Qf8 48. Qxf8+ Kxf8 49. Kf2 Nd5 50. Ke2 b4 51. Kd3 b3 52. Nxg5
Nxe3 53. Kc3 Ke7 54. Nf3 Nxg2 55. Ne5 Kf6 56. Kxb3 Nf4 57. Nxc6 Nxh3 58. Ne5
Nf4 59. c6 Nd5 60. Kc4 Kf5 61. Kc5 h3 62. Nf3 Kf4 63. Nh2 Kg3 64. Nf1+ Kf2 65.
Nh2 Kg2 66. Ng4 Kg3 67. Ne3 Nxe3 68. c7 h2 69. c8=Q h1=Q 70. Qxe6 Qc1+ 71. Kd6
Qa3+ 72. Kd7 Qa7+ 73. Kc6 Qa6+ 74. Kd7 Qb7+ 75. Kd6 Kf4 76. Qh6+ Kf3 77. Qh1+
Ng2 78. Qh5+ Ke4 79. Qe5+ Kd3 80. Qf5+ Kd2 81. Qa5+ Ke2 82. Qh5+ Kf2 83. Qf5+
Kg1 84. d5 Ne3 85. Qf3 Qb6+ 86. Ke7 Qc5+ 87. Ke6 Nc4 88. Qg3+ Kf1 89. Qf3+ Ke1
90. Qg3+ Kd2 91. d6 Nb6 92. Qf4+ Kd1 93. Qf3+ Kc1 94. Qf4+ 1/2-1/2